000 01191nam a2200289 4500
001 0000017616
003 CO-CtgCURN
005 20250616194440.0
008 160627s2000 000 0 eng d
020 _a9586761215
040 _aCO-CtgCURN
_bspa
_ccoctgcurn
082 0 _a347.077
_bP37a
100 1 _aPérez Vásquez, Rodolfo.
245 1 3 _aLa argumentacion y efectos de las sentecias judiciales /
_cRodolfo Pérez Vásquez y Carlos Llanos Sánchez.
260 _aBogotá :
_bEdiciones Doctrina y Ley,
_c2000.
300 _axxix, 103 p.
336 _2rdacontent
337 _2rdamedia
_asin mediacion
_bn
338 _2rdacarrier
_avolumen
_bnc
504 _aBibliografia (p. 63-34)
505 8 _aSentencia.--Estructura de la sentencia.--Argumentacion de las sentencia.--Argumentacion segun las diferentes escuelas juridicas.--Contenido de la sentencia.--La interpretacion de las leyes.--Viia de hecho en las providencias judiciales. Su enlace con la motivacion
650 0 _aSentencias.
700 1 _aLlanos Sánchez, Carlos.
908 _a160627
942 _cBK
_h347.077
_iP37a
_2ddc
_n0
999 _c2078
_d2078